000 00803nmm a2200265 a 4500
001 ocm0001083887
003 TR-IsHL
005 20201028151834.0
008 150709s2014 tu tur
007 cr cn
020 _a9786059057080
035 _a1083887
_b(N$T)
050 0 4 _aPL248.D345
_bS47 2014
090 0 4 _aPL248.D345
_bS47 2014
100 1 _aDağ, Kanarya Banu
245 1 0 _aSerencam
_h[electronic resource] /
_cKanarya Banu Dağ
260 _aİstanbul :
_bMola Kitap,
_c2014
300 _a206 p.
650 4 _aDil ve Edebiyat
650 4 _aLanguage and Literature
650 0 _aTürk şiiri
650 0 _aTurkish poetry
650 7 _aPOETRY / Middle Eastern
_2bisacsh
856 4 0 _uhttp://search.ebscohost.com/login.aspx?direct=true&scope=site&db=e011xww&AN=1083887
999 _c11215
_d11215